| Tag |
First Indicator |
Second Indicator |
Subfields |
| LEADER |
00000nam a2200000Ia 4500 |
| 001 |
in00004338708 |
| 005 |
20200812094443.0 |
| 006 |
m g d |
| 007 |
cr bn |||a|bb| |
| 008 |
101202s1688 enk o 000 0 eng d |
| 040 |
|
|
|a UMI
|c UMI
|e dcrb
|
| 035 |
|
|
|a (OCoLC)688635768
|
| 037 |
|
|
|a CL0037000135
|b ProQuest, 789 E. Eisenhower Parkway, Ann Arbor, MI 48108-3218
|
| 043 |
|
|
|a e-uk---
|
| 090 |
|
|
|a DA450
|b .E54 1688
|
| 049 |
|
|
|a UMIA
|
| 110 |
1 |
|
|a England and Wales.
|b Privy Council.
|
| 245 |
1 |
0 |
|a Depositions made upon the birth of His Royal Highness the Prince of Wales.
|
| 260 |
|
|
|a [London :
|b publisher not identified],
|c printed in the year 1688.
|
| 300 |
|
|
|a 1 online resource (32 pages)
|
| 336 |
|
|
|a text
|b txt
|2 rdacontent
|
| 337 |
|
|
|a computer
|b c
|2 rdamedia
|
| 338 |
|
|
|a online resource
|b cr
|2 rdacarrier
|
| 500 |
|
|
|a Place of publication suggested by Wing (2nd edition).
|
| 500 |
|
|
|a Published in same year with titles: 1) At the Counci-chamber in Whitehall, Monday the 22. of October, 1688. 2) The several declarations ... made in Council ... concerning the birth of the Prince of Wales. Cf. Beinecke Rare Book and Manuscript Library.
|
| 500 |
|
|
|a Imperfect: faded with loss of some text.
|
| 500 |
|
|
|a Reproduction of original in: Beinecke Rare Book and Manuscript Library.
|
| 510 |
4 |
|
|a Wing (2nd edition)
|c E796B
|
| 533 |
|
|
|a Electronic reproduction.
|b Ann Arbor, Mich. :
|c UMI,
|d 1999-
|f (Early English books online)
|n Digital version of: (Early English Books, 1641-1700 ; 2993:4)
|7 s1999 miun s
|
| 600 |
1 |
0 |
|a James,
|c Prince of Wales,
|d 1688-1766
|v Early works to 1800.
|
| 651 |
|
0 |
|a Great Britain
|x History
|y James II, 1685-1688
|v Early works to 1800.
|
| 651 |
|
0 |
|a Great Britain
|x Politics and government
|y 1660-1688
|v Early works to 1800.
|
| 830 |
|
0 |
|a Early English books online.
|
| 856 |
4 |
0 |
|u http://proxy.library.tamu.edu/login?url=https://search.proquest.com/docview/2240884218
|z Connect to the full text of this electronic book
|t 0
|
| 994 |
|
|
|a 02
|b UMI
|
| 999 |
f |
f |
|s 6c0e4d86-d175-378e-a1d9-76c8041f323e
|i 35f4164a-d04f-35de-8799-393ae546c6e7
|t 0
|
| 952 |
f |
f |
|a Texas A&M University
|b College Station
|c Electronic Resources
|d Available Online
|t 0
|e DA450 .E54 1688
|h Library of Congress classification
|
| 998 |
f |
f |
|a DA450 .E54 1688
|t 0
|l Available Online
|